| 000 | 00392nam a2200145Ia 4500 | ||
|---|---|---|---|
| 005 | 20240821155010.0 | ||
| 008 | 240821s9999||||xx |||||||||||||| ||und|| | ||
| 082 | _a374.27 LAL | ||
| 100 | _aLallez, Raymond | ||
| 245 | 0 | _aTEVEC case: experiment in adult education using the multi - media system | |
| 260 |
_aParis _bUNESCO _c1973 |
||
| 300 | _a65p | ||
| 650 | _aAdult Education | ||
| 942 | _cBK | ||
| 999 |
_c92291 _d92291 |
||